000 00486nam a22001937a 4500
003 UA-OsUOA
001 47461
007 ta
008 20120615b un ||||| |||| 00| 0 ukr d
090 _a94(477).07
942 _cAV
040 _aUA-OsUOA
_beng
_cUA-OsUOA
_dUA-OsUOA
245 _aHarvest of Despair. The 1932-33 Famine in Ukraine
955 _a1
041 _aeng
080 _a94(477).07
650 7 _a9 Географія. Біографії. Історія
_2UDC
999 _c427562
_d427562